000 00812nam a22001697a 4500
008 111129s1982 le|||||r|||| 00| 0 ara d
082 _222
_a214.9019
_bخ ف ا
100 _913834
_aخفاجى, محمد عبد المنعم.
245 _aالإسلام والحضارة الإنسانية /
_cمحمد عبد المنعم خفاجي.
260 _aبيروت :
_bدار الكتاب اللبناني،
_c1982.
300 _a366 ص. ؛
_c24 سم.
504 _aيشتمل على إرجاعات ببليوجرافية ص 361-364
650 _927939
_aالاسلام والحضارة
653 _bGeneral
_cNovember2011
942 _2ddc
_cBB
999 _c16276
_d16276